000 01054cam a22003255i 4500
001 3997458
003 EG-ScBUE
005 20250622085059.0
008 960416t1998 nyua f 001 0 eng d
020 _a038794799X
020 _a9780387947990
040 _aEG-ScBUE
_beng
_erda
_cEG-ScBUE
_dEG-ScBUE
082 0 4 _a537.6
_222
_bGRE
100 1 _aGreiner, Walter,
_d1935-2016,
_eauthor.
245 1 0 _aClassical electrodynamics /
_cWalter Greiner ; foreword by D. Allan Bromley.
264 1 _aNew York :
_bSpringer,
_c[1998]
264 4 _cc1998
300 _ax, 555 pages :
_billustrations ;
_c24 cm.
336 _2rdacontent
_atext
_btxt
337 _aunmediated
_2rdamedia
_bn
338 _avolume
_bnc
_2rdacarrier
490 0 _aClassical theoretical physics
500 _aIncludes index.
500 _aWith 284 figures.
650 7 _aElectrodynamics.
_2BUEsh
_99061
653 _bGGEN
_bENGELC
_cDecember2017
655 _vReading book
700 1 _aBromley, D. Allan
_q(David Allan)
_d1926-2005,
_eauthor of introduction, etc.
942 _2ddc
_cBB
999 _c25822
_d25794